000 00414nam a2200169Ia 4500
008 230524s9999 xx 000 0 und d
020 _a97881120329638
082 _a658.155
_bKEV
100 _aS.Kevin
245 0 _aSecurity Analysis And Portfolio Management
250 _aIST
260 _aNEW DELHI
_bPHI
_c2008
300 _aXI;282
500 _aQuantity Number: 27
650 _aManagement
942 _cBK
999 _c42394
_d42394